000 00683nam a2200289Ia 4500
008 161027s9999||||xx |||||||||||||| ||und||
040 _cSanskrit
082 _aX.B
082 _bBORI-39713
100 _aShree Randive
245 _aSiriuttarjjhayanasuttam
260 _aNasik
260 _bShree Dhanraj Ratanchand Ranka
300 _a413 + 94
300 _b1-25
300 _cA
300 _eHardbound
530 _u00038375.pdf
563 _aText
600 _aShree Randive
630 _aSiriuttarjjhayanasuttam
650 _aBuddhism & Jainism
650 _aJainism
700 _aShree Randive
730 _aSiriuttarjjhayanasuttam
942 _cBOOK
999 _c1401765
_d1401762